• 首页
  • 本馆介绍
  • 公告通知
  • 最新文献
  • 馆藏检索
  • 电子资源
  • 读者导购
  • 参考咨询
  • 我的图书馆
  • 登录
  • 详细信息显示
  • 放入我的书架
  • 预约/预借图书
  • 作者相关作品
  • 分类相关作品
  • 丛书相关作品
  • 出版社相关作品

书目信息

  • 表格格式
  • 工作单格式
  • 卡片格式
题名:
新日语
    
 
作者: 吉田弥寿夫 主编 ;张生林 编译
分册:  
出版信息: 北京   北京出版社  1982
页数: 473页
开本: 21cm
丛书名:
单 册:
中图分类: H36
科图分类:
主题词: 日语--教材
电子资源:
ISBN:
000 00678nam0 2200253 45
001 0182004985
005 20040510152015.0
010    @dCNY2.95
091    @a9071.78
100    @a19950227d1982 emky0chiy0121 ea
101 2  @achi@cjpn
102    @aCN@b110000
105    @ay z 000yy
106    @ar
200 10 @a新日语@Axin ri yu@f(日)吉田弥寿夫主编@g张生林等编译
210    @a北京@c北京出版社@d1982
215    @a473页@d21cm
606    @a日语@x教材
690    @aH36@v3
701  0 @a吉田弥寿夫@Aji tian mi shou fu@4主编
702  0 @a张生林@Azhang sheng lin@4编译
801  0 @aCN@b上海图书馆@c20040510
801  2 @aCN@bNLC@c20040510
905    @f2@b151741-742@dH36@e100
    
    新日语/(日)吉田弥寿夫主编/张生林等编译.-北京:北京出版社,1982
    473页;21cm
    
    
    ISBN :CNY2.95
    
●
相关链接 在E读中查询图书 在五车中查询图书 在当当中查询图书 在豆瓣中查询图书


正题名:新日语     索取号:H36/100         预约/预借

序号 登录号 条形码 馆藏地/架位号 状态 备注
1 0151741   000786260   第四借阅区/ [索取号:H36/100] 在馆    
2 0151742   001056289   第四借阅区/ [索取号:H36/100] 在馆    
唐山师范学院图书馆 欢迎您!
大连网信软件有限公司© 版权所有